| 000 | 00911nas a2200277 4500 | ||
|---|---|---|---|
| 001 | BR9903069 | ||
| 003 | BR-BrBNA | ||
| 005 | 20231205101445.0 | ||
| 007 | ta | ||
| 008 | 230509b bl.|||p| |||| 00| 00por d | ||
| 040 |
_aBR-BrBNA _bpor _cBiblioteca Nacional de Agricultura |
||
| 041 | _a(Pt) | ||
| 072 | _aF70 | ||
| 100 | 1 | _aBarbieri, R.L. | |
| 100 | 1 | _aBackes, A. | |
| 100 | 1 | _aWasum, R.A. | |
| 245 | 1 | _aOcorrencia geografica de Drosera L. no Estado do Rio Grande do Sul e morfologia foliar das especies que ocorrem nos Aparados da Serra, municipio de Cambara do Sul | |
| 650 | _aDroseraceae | ||
| 650 | _aEspecie | ||
| 650 | _aMorfologia Vegetal | ||
| 650 | _aDistribuicao Geografica | ||
| 650 | _aRio Grande do Sul | ||
| 773 | 0 |
_tIheringia - Serie Botanica (Brazil) _xISSN 0073-4705 _g(Nov 1997), no. 49 p. 39-46 _wBR9903069 |
|
| 909 |
_a202311 _bLúcia _c55 _dLúcia Elande |
||
| 942 |
_2AGRIS _n0 _cANA |
||
| 999 |
_c161979 _d161979 |
||